000
00281nam a22001217a 4500
020
_a
0-85859-010-7
082
_a
551.5 MAS'A
100
_a
MASON, B
_9
78609
245
_a
ASPECTS OF PHYSICAL METOROLOGY
260
_a
AUSTRALIA
_b
HEINEMANN
_c
1971
300
_a
40P
942
_c
BK
_2
ddc
999
_c
583720
_d
583720